I am a seeker and my search goes on... / (Record no. 145318)

MARC details
000 -LEADER
fixed length control field 00699nam a22001937a 4500
005 - DATE AND TIME OF LATEST TRANSACTION
control field 20180525123600.0
010 ## - LCCN (DPL NO)
LC control number B-681657-964 ENG-123103
020 ## - INTERNATIONAL STANDARD BOOK NUMBER
International Standard Book Number 9789386473028
Terms of availability 250.00
035 ## - SYSTEM CONTROL NUMBER
System control number B-681657-964
035 ## - SYSTEM CONTROL NUMBER
System control number EN-106635
037 ## - SOURCE OF ACQUISITION
Source of stock number/acquisition Pragati
Stock number dpl
100 ## - MAIN ENTRY--PERSONAL NAME
Personal name Ansal, Kusum
245 ## - TITLE STATEMENT
Title I am a seeker and my search goes on... /
Statement of responsibility, etc by Kusum Ansal
260 ## - PUBLICATION, DISTRIBUTION, ETC. (IMPRINT)
Place of publication, distribution, etc New Delhi
Name of publisher, distributor, etc Vitastaa Pub.
Date of publication, distribution, etc 2017
270 ## - ADDRESS
Address 2/15, Ansari Road, Daryaganj,
City New Delhi
Postal code 110002
300 ## - PHYSICAL DESCRIPTION
Extent 192p.
Dimensions 19cm(pbk)
942 ## - ADDED ENTRY ELEMENTS (KOHA)
Source of classification or shelving scheme Dewey Decimal Classification
Item type English Books
Call number suffix ANS
Classification part N
Holdings
Withdrawn status Lost status Not for loan Collection code Home library Current library Date acquired Source of acquisition Cost, normal purchase price Full call number Barcode Copy number Cost, replacement price Koha item type
      Fiction Ashok Vihar Ashok Vihar 07/05/2018 Pragati/142/27.11.2017/672/20.11.2017/28.11.2017 250.00 N ANS B-681961 1 250.00 English Books
      Fiction Central Library Central Library 07/05/2018 Pragati/142/27.11.2017/672/20.11.2017/28.11.2017 250.00 N ANS B-681957 1 250.00 English Books
      Fiction Mobile Library Mobile Library 07/05/2018 Pragati/142/27.11.2017/672/20.11.2017/28.11.2017 250.00 N ANS B-681958 2 250.00 English Books
      Fiction Mobile Library Mobile Library 07/05/2018 Pragati/142/27.11.2017/672/20.11.2017/28.11.2017 250.00 N ANS B-681959 2 250.00 English Books
      Fiction D.B.Act.Division Mobile Library 25/05/2018 DBAD/PUB 250.00 N ANS EN-106635 1 250.00 English Books
      Fiction New Police Line New Police Line 07/05/2018 Pragati/142/27.11.2017/672/20.11.2017/28.11.2017 250.00 N ANS B-681960 1 250.00 English Books
      Fiction Patel Nagar Patel Nagar 07/05/2018 Pragati/142/27.11.2017/672/20.11.2017/28.11.2017 250.00 N ANS B-681962 1 250.00 English Books
      Fiction Sarojini Nagar Sarojini Nagar 07/05/2018 Pragati/142/27.11.2017/672/20.11.2017/28.11.2017 250.00 N ANS B-681963 1 250.00 English Books
      Fiction Shahdara Branch Shahdara Branch 07/05/2018 Pragati/142/27.11.2017/672/20.11.2017/28.11.2017 250.00 N ANS B-681964 1 250.00 English Books

© Delhi Public Library
Hit Counter
free hit counter